Special Infected from Left 4 Dead - Statistics

General Stats
  • This quiz has been taken 373 times
  • The average score is 8 of 8
Answer Stats
Hint Answer % Correct
Special Infected who's main attack is charging forward and plowing into the Survivors. Charger
98%
Special Infected that is the biggest and strongest of all the Infected and is reasonably fast, only slowing if hit with large amounts of automatic weapons fire or when lit on fire. Tank
98%
Special Infected that is extremely fast and agile, and capable of quickly scaling walls. Hunter
97%
Special Infected that attacks Survivors by clinging to them from behind and literally riding the Survivor while attacking them. Jockey
97%
Female Special Infected that are the deadliest Infected in the game. Witch
97%
Special Infected that vomits a special bile at Survivors, which temporarily blinds them and draws Common Infected to them. Boomer
96%
Special Infected that possesses the ability to spit a green ball of acid from long distances, which, upon hitting the ground, will expand into a large puddle and damage any Survivors who make contact with it. Spitter
96%
Special Infected ambush class, that can strangle Survivors with its long tongue. Smoker
95%
No matching quizzes found
Score Distribution
Percent of People with Each Score
Percentile by Number Answered
Your Score History
You have not taken this quiz